000 01002nam a2200265 4500
001 14877
003 BD-RjUL
005 20211208235717.0
008 140208s1972 ii a 000 0 eng d
035 _a(BD-RjUL )14931
_aCURL 980072083565(Lc ) from atc148
040 _aBD-RjUL
_beng
_cBD-RjUL
_dBD-RjUL
041 _aeng
082 0 4 _220
_a630.715
_bAXM 1975
100 1 _aAxinn, George Harold
_d1926-
_946305
245 1 0 _aModernizing world agriculture :
_ba comparative study of agricultural extension education systems /
_cGeorge H. Axinn, Sudhakar Thorat
260 _aNew Delhi ; Bomby :
_bIBH Publishing,
_cc1972 [1975].
300 _axv, 216 p. :
_bill. ;
_c24 cm
490 _aPraeger special studies in international economics and development
650 0 _aAgricultural extension work
_940381
700 1 _aThorat, Sudhakar.
_946306
830 0 _aPraeger special studies in international economics and development
_948063
942 _2ddc
_cBK
999 _c14877
_d14877